[Event "Return"]
[Site "SchemingMind.com"]
[Date "2014.04.23"]
[Round "-"]
[White "SAMAEL"]
[Black "simpet"]
[Result "1-0"]
[WhiteCountry "CAN"]
[BlackCountry "ENG"]
[WhiteElo "1772"]
[WhiteRD "56"]
[BlackElo "1670"]
[BlackRD "60"]
[GameID "357011"]

1. e4 e5 2. Nf3 Nc6 3. Be2 Bc5 4. c4 Nf6 5. d3 O-O 6. O-O d6 7. a3 a6 8. h3 Nd4 9. Nxd4 Bxd4 10. Qc2 Be6
11. Nc3 c6 12. Kh1 Qd7 13. Kh2 Ne8 14. f4 f5 15. exf5 Bxf5 16. Bd2 Rf6 17. Rae1 Rh6 18. fxe5 Bxe5+ 19. Kh1 Bxh3 20. Bxh6 gxh6
21. Bf3 Bf5 22. Na4 Qe7 23. Qd2 Qh4+ 24. Kg1 Bd4+ 25. Re3 Ng7 26. Re1 Re8 27. Kf1 Bxe3 28. Rxe3 Ne6 29. Qf2 Qf4 30. Ke2 Kg7
31. Kf1 Bg6 32. Nc3 Ng5 33. Nd1 Qd4 34. Re7+ Rxe7 35. Qxd4+ Kg8 36. Qxd6 Rf7 37. Ke2
1-0

[Event "Return"]
[Site "SchemingMind.com"]
[Date "2014.04.18"]
[Round "-"]
[White "simpet"]
[Black "bobbassbone"]
[Result "1-0"]
[WhiteCountry "ENG"]
[BlackCountry "ENG"]
[WhiteElo "1610"]
[WhiteRD "55"]
[BlackElo "1601"]
[BlackRD "63"]
[GameID "357012"]

1. e4 c6 2. Bc4 d5 3. exd5 cxd5 4. Bb3 Nf6 5. d3 e6 6. Nh3 Bd7 7. O-O Bd6 8. Bg5 h6 9. Bf4 Bxf4 10. Nxf4 Nc6
11. c3 O-O 12. Nd2 Rc8 13. Bc2 Qc7 14. Qf3 Ne5 15. Qg3 Ng6 16. Nxg6 fxg6 17. Qxg6 Be8 18. Qg3 Qxg3 19. fxg3 Bb5 20. Rf2 Ng4
21. Re2 Rce8 22. Rae1 e5 23. h3 e4 24. Bb3 Nf6 25. Nxe4 Bxd3 26. Nxf6+
1-0

[Event "Return"]
[Site "SchemingMind.com"]
[Date "2014.04.18"]
[Round "-"]
[White "bobbassbone"]
[Black "simpet"]
[Result "1-0"]
[WhiteCountry "ENG"]
[BlackCountry "ENG"]
[WhiteElo "1606"]
[WhiteRD "61"]
[BlackElo "1632"]
[BlackRD "55"]
[GameID "357013"]

1. d4 e6 2. Nf3 Bd6 3. c3 Nf6 4. Bg5 b6 5. e3 Bb7 6. Nbd2 O-O 7. Bd3 Be7 8. Bxf6 Bxf6 9. O-O a5 10. e4 Ba6
11. Bxa6 Nxa6 12. Re1 d5 13. e5 Be7 14. Qc2 c5 15. Rac1 c4 16. Re3 b5 17. a3 Nc7 18. Ne1 h6 19. f4 f6 20. Rg3 fxe5
21. Qg6
1-0

[Event "Return"]
[Site "SchemingMind.com"]
[Date "2014.04.18"]
[Round "-"]
[White "fouche"]
[Black "jerryface"]
[Result "0-1"]
[WhiteCountry "COL"]
[BlackCountry "USA"]
[WhiteElo "1612"]
[WhiteRD "57"]
[BlackElo "1775"]
[BlackRD "102"]
[GameID "357020"]

1. e4 e5 2. f4 exf4 3. Bc4 Qh4+ 4. Kf1 Nf6 5. Nf3 Qh5 6. Nc3 c6 7. d4 g5 8. Ne5 Qxd1+ 9. Nxd1 d5 10. exd5 Nxd5
11. Nc3 Nxc3 12. bxc3 Be6 13. Bd3 Nd7 14. h4 f6 15. Nxd7 Bxd7 16. hxg5 fxg5 17. Bd2 O-O-O 18. Re1 h6 19. Kf2 Bg7 20. Re7 Bf8
21. Re2 Bg4 22. Re5 Kc7 23. Bf5 Bd6 24. Ra5 Bxf5 25. Rxf5 b6 26. Re1 Rhf8 27. Rxf8 Rxf8 28. c4 a5 29. Re6 h5 30. a4 Kd7
31. Rg6 Rf5 32. Rh6 h4 33. Rh7+ Be7 34. Kf3 Ke6 35. Kg4 b5 36. cxb5 h3 37. Rxh3 cxb5 38. Bxa5 bxa4 39. Bc3 a3 40. Ba1 Bd6=
41. c4 f3 42. Rxf3 Rxf3 43. gxf3 Bf4 44. Kh3 Bc1 45. f4 Bb2 46. d5+ Kd6 47. Bxb2 axb2 48. fxg5 b1=Q 49. Kg4 Ke7 50. Kh5 Qd3
51. Kh6 Kf8 52. g6 Kg8
0-1

[Event "Return"]
[Site "SchemingMind.com"]
[Date "2014.04.18"]
[Round "-"]
[White "jerryface"]
[Black "fouche"]
[Result "1/2-1/2"]
[WhiteCountry "USA"]
[BlackCountry "COL"]
[WhiteElo "1775"]
[WhiteRD "102"]
[BlackElo "1612"]
[BlackRD "57"]
[GameID "357021"]

1. e4 e6 2. d4 d5 3. Nc3 Bb4 4. e5 c5 5. Nf3 Nc6 6. Bb5 Ne7 7. O-O O-O 8. Bg5 Bd7 9. Ne2 cxd4 10. Bxc6 bxc6
11. Qxd4 c5 12. Qh4 c4 13. Ned4 Re8 14. Qg3 Qb6 15. c3 Bc5 16. b4 Bxd4 17. Nxd4 a5 18. Bxe7 Rxe7 19. a3 axb4 20. axb4 Ree8
21. f4 Qb7 22. Rxa8 Qxa8 23. f5 exf5 24. Nxf5 Bxf5 25. Rxf5 Qa1+ 26. Kf2 Qb2+ 27. Kg1 Qb1+ 28. Rf1 Qe4 29. Re1 Qd3 30. Qxd3 cxd3
31. Rd1 Rxe5 32. Rxd3 Kf8 33. b5 Ke7 34. b6 Kd6 35. Rd4 Kc6 36. Rb4 Kb7 37. Kf2 Re6 38. Rb5 Rd6 39. Ke3 Rg6 40. g3=
1/2-1/2

[Event "Return"]
[Site "SchemingMind.com"]
[Date "2014.04.18"]
[Round "-"]
[White "Transcendent"]
[Black "jerryface"]
[Result "1-0"]
[WhiteCountry "ENG"]
[BlackCountry "USA"]
[WhiteElo "1781"]
[WhiteRD "68"]
[BlackElo "1775"]
[BlackRD "102"]
[GameID "357022"]

1. d4 d5 2. Nf3 Nf6 3. c4 e6 4. g3 c5 5. cxd5 Qxd5 6. Bg2 Nc6 7. Nc3 Qd7 8. e3 cxd4 9. exd4 Bb4 10. O-O O-O
11. Be3 Nd5 12. Ne4 f5 13. Neg5 f4 14. Qd3 g6 15. Bh3 Nd8 16. Ne5 Qe7 17. Nxg6 Qxg5 18. Nxf8 Kxf8 19. Qxh7 fxe3 20. fxe3+ Nf6
21. Rxf6+ Ke8 22. Rf4 Bd2 23. Kf2 e5 24. Qh8+
1-0

[Event "Return"]
[Site "SchemingMind.com"]
[Date "2014.04.18"]
[Round "-"]
[White "jerryface"]
[Black "Transcendent"]
[Result "0-1"]
[WhiteCountry "USA"]
[BlackCountry "ENG"]
[WhiteElo "1775"]
[WhiteRD "102"]
[BlackElo "1781"]
[BlackRD "68"]
[GameID "357023"]

1. e4 e6 2. d4 d5 3. exd5 exd5 4. Nf3 Bd6 5. Nc3 c6 6. Bd3 Ne7 7. Ng5 h6 8. Nf3 Bg4 9. O-O Nd7 10. h3 Bh5
11. g4 Bg6 12. Re1 O-O 13. Nh4 Bxd3 14. Qxd3 Nc8 15. Kh1 Qxh4
0-1

[Event "Return"]
[Site "SchemingMind.com"]
[Date "2014.04.18"]
[Round "-"]
[White "kenneth m day"]
[Black "jerryface"]
[Result "0-1"]
[WhiteCountry "USA"]
[BlackCountry "USA"]
[WhiteElo "1753"]
[WhiteRD "49"]
[BlackElo "1947"]
[BlackRD "126"]
[GameID "357024"]

1. e4 e5 2. Nf3 Nc6 3. c3 Nf6 4. d4 exd4 5. e5 Nd5 6. cxd4 d6 7. Bc4 Be6 8. Qb3 dxe5 9. dxe5 Na5 10. Qa4+ Bd7
11. Qxa5 Bb4+ 12. Bd2 Bxa5 13. Bxa5 Bg4 14. Nbd2 b6 15. Bc3 Nxc3 16. bxc3 O-O 17. O-O Kh8 18. Rad1 Qe7 19. Rfe1 Qc5 20. Re3 Rfd8
21. h3 Bxf3 22. Rxf3 Rxd2 23. Rxd2 Qxc4 24. Rfd3 h6 25. a3 Re8 26. Re3 Qb3
0-1

[Event "Return"]
[Site "SchemingMind.com"]
[Date "2014.04.18"]
[Round "-"]
[White "jerryface"]
[Black "kenneth m day"]
[Result "0-1"]
[WhiteCountry "USA"]
[BlackCountry "USA"]
[WhiteElo "1721"]
[WhiteRD "104"]
[BlackElo "1708"]
[BlackRD "50"]
[GameID "357025"]

1. e4 e5 2. Nf3 Nc6 3. Bb5 f5 4. d3 fxe4 5. dxe4 d6 6. O-O Nf6 7. Nc3 Bd7 8. a3 Be7 9. Bc4 Qc8 10. Qd3 Be6
11. Nd5 O-O 12. Ng5 Nxd5 13. Nxe6 Rf7 14. Bxd5 Kh8 15. Nxc7 Qxc7 16. Bxf7 Rf8 17. Bd5 Bf6 18. c3 Ne7 19. Qg3 Nxd5 20. exd5 Qc4
21. Rd1 Qb3 22. Rd3 Qc4 23. Rb1 Qa2 24. b4 Qxb1 25. Qe3 Rc8 26. h3 Qc2 27. Qd2 Qxd2 28. Bxd2 Re8 29. c4 b6 30. a4 Rc8
31. Rc3 e4 32. Rc2 Bd4 33. Be3 Bxe3 34. fxe3 Kg8 35. Kf2 Kf7 36. Kg3 Kf6 37. Kf4 Re8 38. g4 g5+ 39. Kg3 h6 40. c5 Ke5
41. cxd6 Kxd6 42. Rd2 Re5 43. Rd4 Rxd5 44. Rxe4 Rd1 45. a5 bxa5 46. bxa5 Ra1
0-1

[Event "Return"]
[Site "SchemingMind.com"]
[Date "2014.04.18"]
[Round "-"]
[White "simpet"]
[Black "jerryface"]
[Result "0-1"]
[WhiteCountry "ENG"]
[BlackCountry "USA"]
[WhiteElo "1653"]
[WhiteRD "56"]
[BlackElo "1947"]
[BlackRD "126"]
[GameID "357026"]

1. e4 e6 2. Bb5 Qg5 3. Bf1 Qd8 4. d4 d5 5. e5 c5 6. c3 Nc6 7. Bb5 cxd4 8. cxd4 Bd7 9. Nc3 Bb4 10. Bd2 Qa5
11. Be2 Nxd4 12. Nf3 Nxf3+ 13. Bxf3 Ba4 14. Nxa4 Bxd2+ 15. Qxd2 Qxa4 16. O-O Ne7 17. b3 Qa6 18. Be2 Qb6 19. Rfc1 O-O 20. Bh5 Nf5
21. Rc3 Nd4 22. Rac1 g6 23. Bf3 Nxf3+ 24. Rxf3 Rac8 25. Rfc3 Rxc3 26. Rxc3 Qb4 27. h3 Rd8 28. Rd3 Qe4 29. f4 Rc8 30. g3 Rc1+
31. Qxc1 Qxd3
0-1

[Event "Return"]
[Site "SchemingMind.com"]
[Date "2014.04.18"]
[Round "-"]
[White "jerryface"]
[Black "simpet"]
[Result "1-0"]
[WhiteCountry "USA"]
[BlackCountry "ENG"]
[WhiteElo "1971"]
[WhiteRD "227"]
[BlackElo "1610"]
[BlackRD "55"]
[GameID "357027"]

1. e4 e5 2. Nf3 Nc6 3. Bb5 f6 4. d4 exd4 5. Nxd4 Bb4+ 6. c3 Nxd4 7. Qxd4 Ba5 8. Bc4 c6 9. O-O Ne7 10. Re1 Bb6
11. Qd1 d6 12. Qh5+ Ng6 13. Bf4 Qe7 14. Nd2 Be6 15. e5 O-O-O 16. exd6
1-0

[Event "Return"]
[Site "SchemingMind.com"]
[Date "2014.04.23"]
[Round "-"]
[White "SAMAEL"]
[Black "jerryface"]
[Result "1-0"]
[WhiteCountry "CAN"]
[BlackCountry "USA"]
[WhiteElo "1772"]
[WhiteRD "56"]
[BlackElo "1775"]
[BlackRD "102"]
[GameID "357028"]

1. Nf3 Nc6 2. Nc3 Nf6 3. e3 d5 4. d4 Bg4 5. Be2 Bxf3 6. Bxf3 e5 7. dxe5 Nxe5 8. Be2 Bb4 9. Bd2 O-O 10. a3 Ba5
11. O-O Qd6 12. Nb5 Qb6 13. b4
1-0

[Event "Return"]
[Site "SchemingMind.com"]
[Date "2014.04.23"]
[Round "-"]
[White "jerryface"]
[Black "SAMAEL"]
[Result "0-1"]
[WhiteCountry "USA"]
[BlackCountry "CAN"]
[WhiteElo "1748"]
[WhiteRD "103"]
[BlackElo "1801"]
[BlackRD "58"]
[GameID "357029"]

1. e4 e5 2. Nf3 d6 3. Nc3 Nf6 4. d4 exd4 5. Nxd4 Bd7 6. Bc4 Be7 7. O-O O-O 8. Re1 Nc6 9. h3 Nxd4 10. Qxd4 h6
11. e5 dxe5 12. Rxe5 c6 13. Bf4 Re8 14. Rae1 Kf8 15. R5e3 Bf5 16. Qxd8 Raxd8 17. Be5 Ng8 18. Ne4 Bxe4 19. Rxe4 Bf6 20. f4 Bxe5
21. Rxe5 Rxe5 22. Rxe5 Rd4 23. b3 Rxf4 24. g3 Rd4 25. Re3 Ne7 26. Be2 Nf5 27. Rf3 Ne7 28. c4 Rd2
0-1

[Event "Return"]
[Site "SchemingMind.com"]
[Date "2014.04.18"]
[Round "-"]
[White "bobbassbone"]
[Black "jerryface"]
[Result "1-0"]
[WhiteCountry "ENG"]
[BlackCountry "USA"]
[WhiteElo "1650"]
[WhiteRD "61"]
[BlackElo "1947"]
[BlackRD "126"]
[GameID "357030"]

1. d4 d5 2. Bf4 Nf6 3. e3 e6 4. c3 Be7 5. Nd2 O-O 6. Bd3 Nbd7 7. Ngf3 c5 8. h3 c4 9. Bb1 Qb6 10. Qc2 g6
11. h4 Bd6 12. Bxd6 Qxd6 13. h5 e5 14. dxe5 Nxe5 15. hxg6 fxg6 16. Nxe5 Qxe5 17. Nf3 Qd6 18. Nh4 Ne4 19. f3 Qg3+ 20. Kf1 g5
21. Ke2 Nf2 22. Qxh7#
1-0

[Event "Return"]
[Site "SchemingMind.com"]
[Date "2014.04.18"]
[Round "-"]
[White "jerryface"]
[Black "bobbassbone"]
[Result "1-0"]
[WhiteCountry "USA"]
[BlackCountry "ENG"]
[WhiteElo "1947"]
[WhiteRD "126"]
[BlackElo "1650"]
[BlackRD "61"]
[GameID "357031"]

1. e4 c6 2. d4 d5 3. e5 Bf5 4. Nf3 h6 5. Bd3 Bxd3 6. Qxd3 e6 7. O-O Nd7 8. Nc3 c5 9. Re1 cxd4 10. Nxd4 Bb4
11. Bd2 Ne7 12. Ncb5 Bxd2 13. Qxd2 O-O 14. Re3 Ng6 15. f4 Nxf4 16. Rg3 Ng6 17. Nxe6 fxe6 18. Rxg6 Nxe5 19. Rxe6 Nc4 20. Qc3 Qd7
21. Nd4 Rf4 22. Ree1 Rc8 23. Rad1 Re8 24. Rxe8+ Qxe8 25. b3 Nd6 26. Nf3 Ne4 27. Qe3 Qe5 28. Nxe5
1-0

[Event "Return"]
[Site "SchemingMind.com"]
[Date "2014.04.20"]
[Round "-"]
[White "fouche"]
[Black "fanfan_la_Tulipe"]
[Result "0-1"]
[WhiteCountry "COL"]
[BlackCountry "AUT"]
[WhiteElo "1612"]
[WhiteRD "57"]
[BlackElo "1992"]
[BlackRD "72"]
[GameID "357103"]

1. d4 Nf6 2. Nf3 g6 3. e3 Bg7 4. Bd3 O-O 5. O-O c5 6. c3 b6 7. Qe1 Bb7 8. Nbd2 d6 9. e4 cxd4 10. cxd4 Nbd7
11. h3 Rc8 12. b3 Nh5 13. Bb2 Nf4 14. Qe3 Nxd3 15. Qxd3 Rc7 16. Rac1 Rxc1 17. Rxc1 Qb8 18. Rc3 Rc8 19. Rxc8+ Qxc8 20. Qc3 Qxc3
21. Bxc3 Nf6 22. e5 Nd5 23. Bb2 dxe5 24. dxe5 Nf4 25. Kh2 Bd5 26. Nc4 b5 27. Ne3 Bxf3 28. gxf3 Nd3 29. Bd4 Bxe5+ 30. Bxe5 Nxe5
31. Kg3 Kg7 32. Nd5 e6 33. Nc7 b4 34. Na6 Nd3 35. f4 Kf6 36. Kf3 Kf5 37. h4 h5 38. Ke3 Nxf4 39. Nxb4 Nd5+ 40. Nxd5 exd5
41. b4 g5 42. hxg5 h4 43. Kf3 d4 44. a4 h3 45. b5 h2 46. Kg2 d3 47. a5 d2 48. b6 axb6
0-1

[Event "Return"]
[Site "SchemingMind.com"]
[Date "2014.04.20"]
[Round "-"]
[White "fanfan_la_Tulipe"]
[Black "fouche"]
[Result "1-0"]
[WhiteCountry "AUT"]
[BlackCountry "COL"]
[WhiteElo "1992"]
[WhiteRD "72"]
[BlackElo "1612"]
[BlackRD "57"]
[GameID "357104"]

1. d4 e6 2. c4 d5 3. Nc3 c6 4. Nf3 Nf6 5. Bg5 Be7 6. e3 O-O 7. Bd3 Nbd7 8. O-O a6 9. a4 h6 10. Bh4 dxc4
11. Bxc4 Nd5 12. Bg3 N7f6 13. Ne5 Bd7 14. a5 Nxc3 15. bxc3 Nd5 16. Qc2 c5 17. e4 Nf6 18. d5 exd5 19. exd5 Bd6 20. Nxf7 Rxf7
21. Bxd6 Bf5 22. Qxf5 Qxd6 23. Rfe1 Raf8 24. Qe6 Qf4 25. d6 Ng4 26. f3 Qxh2+ 27. Kf1 Qh1+ 28. Ke2 Qxg2+ 29. Kd1 Qxf3+ 30. Kc2 Kh8
31. d7 b5 32. axb6 Qf5+ 33. Qxf5 Rxf5 34. Re8 Ne3+ 35. Rxe3 Rd8 36. Re8+ Rf8 37. Rxf8+ Rxf8 38. Rd1 Rd8 39. b7
1-0

[Event "Return"]
[Site "SchemingMind.com"]
[Date "2014.04.23"]
[Round "-"]
[White "Transcendent"]
[Black "fanfan_la_Tulipe"]
[Result "0-1"]
[WhiteCountry "ENG"]
[BlackCountry "AUT"]
[WhiteElo "1627"]
[WhiteRD "65"]
[BlackElo "2038"]
[BlackRD "70"]
[GameID "357105"]

1. d4 Nf6 2. c4 g6 3. g3 Bg7 4. Bg2 O-O 5. Nc3 d6 6. Nf3 Na6 7. O-O c6 8. e4 e5 9. h3 Qe8 10. Be3 Nc7
11. Qc2 exd4 12. Nxd4 Ne6 13. Rad1 Bd7 14. f4 Nxd4 15. Bxd4 Qc8 16. Kh2 Be6 17. b3 Qc7 18. Rd2 Rad8 19. Rfd1 Nh5 20. Bxg7 Nxg7
21. Rd3 f5 22. Qd2 Qa5 23. exf5 Bxf5 24. Be4 Rf6 25. Nd5 Qxd2+ 26. R1xd2 cxd5 27. Bxf5 Nxf5 28. Rxd5 Ne3 29. c5 Nf1+
0-1

[Event "Return"]
[Site "SchemingMind.com"]
[Date "2014.04.22"]
[Round "-"]
[White "fanfan_la_Tulipe"]
[Black "Transcendent"]
[Result "1-0"]
[WhiteCountry "AUT"]
[BlackCountry "ENG"]
[WhiteElo "1992"]
[WhiteRD "72"]
[BlackElo "1781"]
[BlackRD "68"]
[GameID "357106"]

1. d4 d5 2. c4 c6 3. Nf3 Nf6 4. Nc3 dxc4 5. a4 Bf5 6. Ne5 Nbd7 7. Nxc4 Qc7 8. g3 e6 9. Bg2 Bb4 10. Qb3 a5
11. Bf4 Qc8 12. Nd6+ Bxd6 13. Bxd6 Ng8 14. O-O Ne7 15. e4 Bg6 16. f4 Nf6 17. Rae1 Qd7 18. Bc5 O-O 19. f5 exf5 20. Bxe7
1-0

[Event "Return"]
[Site "SchemingMind.com"]
[Date "2014.04.20"]
[Round "-"]
[White "kenneth m day"]
[Black "fanfan_la_Tulipe"]
[Result "0-1"]
[WhiteCountry "USA"]
[BlackCountry "AUT"]
[WhiteElo "1669"]
[WhiteRD "52"]
[BlackElo "2089"]
[BlackRD "72"]
[GameID "357107"]

1. e4 c5 2. f4 d5 3. exd5 Nf6 4. Bb5+ Bd7 5. Bxd7+ Qxd7 6. c4 e6 7. Nc3 exd5 8. Qe2+ Be7 9. Nf3 O-O 10. O-O dxc4
11. Qxc4 a6 12. Ne5 Qd6 13. b3 b5 14. Qd3 Rd8 15. Qxd6 Bxd6 16. Bb2 Nbd7 17. Ne2 Bxe5 18. fxe5 Ng4 19. d4 cxd4 20. Bxd4 Ngxe5
21. Rad1 Ng6 22. Rd2 Nde5 23. Rfd1 Nc6 24. Be3 Rxd2 25. Rxd2 Rd8 26. Rxd8+ Nxd8 27. Nd4 f6 28. Nf5 Kf7 29. Bb6 Nc6 30. Nd6+ Ke7
31. Nf5+ Kf8 32. Bc5+ Nge7 33. Kf2 g6 34. Nd6 Kg7 35. Ne4 f5 36. Ng3 Nd5 37. Kf3 Kf6 38. Ne2 g5 39. Nd4 Nxd4+ 40. Bxd4+ Ke6
41. a3 h5 42. g3 g4+ 43. Ke2 f4 44. gxf4 Nxf4+ 45. Kf2 Kd5 46. Ke3 Ne6 47. Bc3 h4 48. Bf6 h3 49. Bh4 a5 50. Bg3 Nd4
51. b4 axb4 52. axb4 Nc2+ 53. Kf4 Nxb4 54. Kxg4 Nd3 55. Bh4 b4 56. Bf6 Ke4 57. Kxh3 Ne5 58. Be7 b3 59. Ba3 Nc4 60. Bc1 Kd3
0-1

[Event "Return"]
[Site "SchemingMind.com"]
[Date "2014.04.20"]
[Round "-"]
[White "fanfan_la_Tulipe"]
[Black "kenneth m day"]
[Result "1-0"]
[WhiteCountry "AUT"]
[BlackCountry "USA"]
[WhiteElo "2038"]
[WhiteRD "70"]
[BlackElo "1754"]
[BlackRD "50"]
[GameID "357108"]

1. d4 d5 2. c4 Nc6 3. Nc3 Nf6 4. Nf3 dxc4 5. Bg5 e6 6. e3 Be7 7. Bxc4 O-O 8. O-O a6 9. a4 b6 10. Qe2 Bb7
11. Rad1 h6 12. Bh4 Nd5 13. Bg3 Ncb4 14. e4 Nxc3 15. bxc3 Nc6 16. d5 exd5 17. Bxd5 Bd6 18. e5 Qe8 19. Qe4 Bc5 20. Nh4 Rb8
21. Ng6 Rd8 22. Nxf8 Bxf8 23. e6 fxe6 24. Qxe6+ Qxe6 25. Bxe6+ Kh8 26. Bxc7 Re8 27. Rfe1 b5 28. axb5 axb5 29. Bf7 Rxe1+ 30. Rxe1 Ne7
31. Bd6 Bd5 32. Bxe7
1-0

[Event "Return"]
[Site "SchemingMind.com"]
[Date "2014.04.20"]
[Round "-"]
[White "fanfan_la_Tulipe"]
[Black "simpet"]
[Result "1-0"]
[WhiteCountry "AUT"]
[BlackCountry "ENG"]
[WhiteElo "1957"]
[WhiteRD "72"]
[BlackElo "1610"]
[BlackRD "55"]
[GameID "357109"]

1. d4 e6 2. c4 Nf6 3. Nc3 Bb4 4. e3 Bxc3+ 5. bxc3 O-O 6. Bd3 b6 7. Ne2 Bb7 8. O-O Nc6 9. e4 d5 10. cxd5 exd5
11. e5 Nd7 12. f4 Qe7 13. f5 f6 14. e6 Rfe8 15. exd7 Qxd7 16. Nf4 a5 17. Ne6 Nd8 18. Qh5 Nxe6 19. fxe6 Qxe6 20. Bxh7+ Kf8
21. Bf5 Qe7 22. Bg6 Qe2 23. Qh8+ Ke7 24. Qxg7+ Kd8 25. Qxf6+ Re7 26. Bg5
1-0

[Event "Return"]
[Site "SchemingMind.com"]
[Date "2014.04.21"]
[Round "-"]
[White "simpet"]
[Black "fanfan_la_Tulipe"]
[Result "0-1"]
[WhiteCountry "ENG"]
[BlackCountry "AUT"]
[WhiteElo "1610"]
[WhiteRD "55"]
[BlackElo "1957"]
[BlackRD "72"]
[GameID "357110"]

1. e4 c5 2. Bc4 e6 3. Nf3 a6 4. d4 cxd4 5. Nxd4 b5 6. Bb3 Bb7 7. f3 Qc7 8. Nc3 Bb4 9. Bd2 Qc5 10. Nde2 Ne7
11. a4 Nbc6 12. Na2 Bxd2+ 13. Qxd2 O-O 14. c3 Na5 15. Qc2 Ng6 16. Nb4 Qe3 17. Rd1 Nf4
0-1

[Event "Return"]
[Site "SchemingMind.com"]
[Date "2014.04.25"]
[Round "-"]
[White "fanfan_la_Tulipe"]
[Black "SAMAEL"]
[Result "1-0"]
[WhiteCountry "AUT"]
[BlackCountry "CAN"]
[WhiteElo "2059"]
[WhiteRD "70"]
[BlackElo "1763"]
[BlackRD "52"]
[GameID "357111"]

1. d4 d5 2. c4 e6 3. Nc3 Nf6 4. cxd5 exd5 5. Bg5 Be7 6. Qc2 h6 7. Bf4 c6 8. e3 Be6 9. Bd3 Nbd7 10. Nge2 O-O
11. h3 Re8 12. O-O Kh8 13. Bh2 Nf8 14. Rad1 N6h7 15. Nf4 Bd7 16. f3 Bg5 17. e4 Bxf4 18. Bxf4 g5 19. Be5+ f6 20. Bg3 dxe4
21. Bxe4 Rc8 22. Bxh7 Nxh7 23. Qg6 Rg8 24. Qxh6 Qe7 25. Rfe1 Qg7 26. Qxg7+ Rxg7 27. d5 Kg8 28. d6 Re8 29. Ne4 b6 30. Nc3 Kf7
31. Bf2 Rgg8 32. Kf1 Rxe1+ 33. Rxe1 Re8 34. Rd1 Nf8 35. h4 gxh4 36. Bxh4 Ng6 37. Bf2 Nf4 38. Bg3 Ne6 39. f4 f5 40. Kf2 Nc5
41. Bh4 Ne4+ 42. Nxe4 Rxe4 43. g3 Ra4 44. a3 Ra5 45. Re1 Be6 46. d7
1-0

[Event "Return"]
[Site "SchemingMind.com"]
[Date "2014.04.25"]
[Round "-"]
[White "SAMAEL"]
[Black "fanfan_la_Tulipe"]
[Result "0-1"]
[WhiteCountry "CAN"]
[BlackCountry "AUT"]
[WhiteElo "1775"]
[WhiteRD "48"]
[BlackElo "2089"]
[BlackRD "72"]
[GameID "357112"]

1. e4 c5 2. Nf3 e6 3. d3 d5 4. exd5 exd5 5. Nc3 Nc6 6. a3 Bg4 7. Be2 Nf6 8. h3 Bc8 9. O-O Be7 10. Re1 O-O
11. Nh2 d4 12. Ne4 Nd5 13. Bd2 f5 14. Ng3 Qc7 15. Bf3 Nf6 16. Bxc6 bxc6 17. Nf3 Bd6 18. Ne2 Nd5 19. Rc1 Rb8 20. Rb1 Bd7
21. c4 Nf4 22. Nxf4 Bxf4 23. Bxf4 Qxf4 24. Qd2 Qxd2 25. Nxd2 Rfe8 26. b3 Kf7 27. Kf1 Kf6 28. Rxe8 Bxe8 29. g3 g5 30. b4 cxb4
31. axb4 Bh5 32. f3 h6 33. b5 cxb5 34. Rxb5 Rxb5 35. cxb5 Be8 36. f4 Bxb5 37. Ke2 gxf4 38. gxf4 Ke6 39. Nb3 Kd5 40. Kd2 Ba4
41. Na5 h5 42. h4 Kc5 43. Nc4 Bb3 44. Ne5 a5 45. Kc1 a4 46. Kb2 Bd1 47. Ka3 Kb5 48. Nc4 Bg4 49. Nb2 Be2 50. Nxa4 Bxd3
51. Nb2 Bc4 52. Nd1 Kc5 53. Kb2 Be2 54. Nf2 Kc4 55. Kc2 d3+ 56. Kd2 Kd4 57. Nh3 Ke4
0-1

[Event "Return"]
[Site "SchemingMind.com"]
[Date "2014.04.20"]
[Round "-"]
[White "fanfan_la_Tulipe"]
[Black "bobbassbone"]
[Result "1-0"]
[WhiteCountry "AUT"]
[BlackCountry "ENG"]
[WhiteElo "1957"]
[WhiteRD "71"]
[BlackElo "1606"]
[BlackRD "61"]
[GameID "357113"]

1. d4 c6 2. c4 d5 3. Nf3 Nf6 4. Nc3 h6 5. e3 Bg4 6. h3 Bf5 7. cxd5 cxd5 8. Qb3 b6 9. Bb5+ Bd7 10. Nxd5 Nxd5
11. Qxd5 Bxb5 12. Qxb5+ Qd7 13. Qxd7+ Nxd7 14. Bd2 e6 15. Rc1 Kd8 16. Ke2 Be7 17. Rc2 Rc8 18. Rhc1 Rxc2 19. Rxc2 Nf6 20. Ne5 Rf8
21. Nc6+ Kd7 22. Nxe7 Kxe7 23. Bb4+ Ke8 24. Bxf8
1-0

[Event "Return"]
[Site "SchemingMind.com"]
[Date "2014.04.20"]
[Round "-"]
[White "bobbassbone"]
[Black "fanfan_la_Tulipe"]
[Result "0-1"]
[WhiteCountry "ENG"]
[BlackCountry "AUT"]
[WhiteElo "1606"]
[WhiteRD "61"]
[BlackElo "1957"]
[BlackRD "71"]
[GameID "357114"]

1. d4 Nf6 2. Nf3 g6 3. Bf4 Bg7 4. e3 O-O 5. c3 d6 6. Bd3 Nbd7 7. Nbd2 Re8 8. O-O e5 9. dxe5 Nxe5 10. Bxe5 dxe5
11. Bc2 c6 12. Nb3 Qc7 13. Qe2 a5 14. Rfd1 e4 15. Ng5 h6 16. Nh3 Bg4 17. f3 exf3 18. gxf3 Bxh3 19. Rd4 Nd5 20. Qc4 Bxd4
0-1

[Event "Return"]
[Site "SchemingMind.com"]
[Date "2014.04.20"]
[Round "-"]
[White "fanfan_la_Tulipe"]
[Black "jerryface"]
[Result "1-0"]
[WhiteCountry "AUT"]
[BlackCountry "USA"]
[WhiteElo "1992"]
[WhiteRD "72"]
[BlackElo "1775"]
[BlackRD "102"]
[GameID "357115"]

1. d4 d5 2. c4 e6 3. Nc3 Nf6 4. cxd5 Nxd5 5. Nf3 c5 6. e4 Nxc3 7. bxc3 Nc6 8. Be2 cxd4 9. cxd4 Bb4+ 10. Bd2 O-O
11. Bxb4 Nxb4 12. O-O b6 13. Qb3 a5 14. a3 Na6 15. Rab1 Bb7 16. Qxb6 Qxb6 17. Rxb6 Bxe4 18. Bxa6
1-0

[Event "Return"]
[Site "SchemingMind.com"]
[Date "2014.04.20"]
[Round "-"]
[White "jerryface"]
[Black "fanfan_la_Tulipe"]
[Result "0-1"]
[WhiteCountry "USA"]
[BlackCountry "AUT"]
[WhiteElo "1775"]
[WhiteRD "102"]
[BlackElo "1992"]
[BlackRD "72"]
[GameID "357116"]

1. e4 c5 2. Nf3 e6 3. Nc3 a6 4. d4 cxd4 5. Nxd4 Qc7 6. Be2 b5 7. a3 Bb7 8. O-O Nf6 9. Bf3 Nc6 10. Bg5 Be7
11. Re1 Ne5 12. Bxf6 Bxf6 13. Nb3 Nc4 14. Qb1 Nxb2 15. Re3 Bxc3
0-1

[Event "Return"]
[Site "SchemingMind.com"]
[Date "2014.04.21"]
[Round "-"]
[White "fouche"]
[Black "Istomix"]
[Result "0-1"]
[WhiteCountry "COL"]
[BlackCountry "RUS"]
[WhiteElo "1628"]
[WhiteRD "63"]
[BlackElo "1887"]
[BlackRD "187"]
[GameID "357120"]

1. c4 Nf6 2. Nc3 g6 3. d4 Bg7 4. e4 d6 5. Bd3 O-O 6. Bd2 Nc6 7. Nge2 Nh5 8. d5 Ne5 9. O-O Nxd3 10. Bg5 Nxb2
11. Qb3 f6 12. Bh4 f5 13. Qxb2 fxe4 14. Nxe4 Bxb2 15. Rab1 Be5 16. g4 Bxg4
0-1

[Event "Return"]
[Site "SchemingMind.com"]
[Date "2014.04.21"]
[Round "-"]
[White "Istomix"]
[Black "fouche"]
[Result "1-0"]
[WhiteCountry "RUS"]
[BlackCountry "COL"]
[WhiteElo "1919"]
[WhiteRD "176"]
[BlackElo "1609"]
[BlackRD "64"]
[GameID "357121"]

1. d4 f5 2. Bf4 Nf6 3. e3 e6 4. Nf3 Ke7 5. Bd3 g6 6. c4 Bg7 7. Nc3 Nc6 8. Qb3 b6 9. Nb5 d6 10. d5 Na5
11. Qa3 e5 12. Nxe5 Ke8 13. Nf3 Nb7 14. Nbd4 Kf7 15. b4 Re8 16. Nc6 Qd7 17. Rc1 a5 18. h3 Nd8 19. c5 Nxc6 20. dxc6 Qxc6
21. cxd6 Qb7 22. Rxc7+
1-0

[Event "Return"]
[Site "SchemingMind.com"]
[Date "2014.04.20"]
[Round "-"]
[White "fanfan_la_Tulipe"]
[Black "Istomix"]
[Result "1-0"]
[WhiteCountry "AUT"]
[BlackCountry "RUS"]
[WhiteElo "1962"]
[WhiteRD "74"]
[BlackElo "1565"]
[BlackRD "101"]
[GameID "357126"]

1. d4 Nf6 2. c4 g6 3. Nc3 Bg7 4. e4 d6 5. f3 O-O 6. Be3 c5 7. Nge2 Nc6 8. d5 Ne5 9. Ng3 h5 10. Be2 h4
11. Nf1 e6 12. f4 Neg4 13. Bxg4 Nxg4 14. Qxg4 exd5 15. f5 d4 16. Nd5 dxe3 17. Nfxe3 Bxb2 18. O-O Be5 19. Rad1 Rb8 20. Qf3 Qg5
21. fxg6 Be6 22. g7 Kxg7 23. Nf5+ Kh8 24. Rb1
1-0